000 00632nam a2200253Ia 4500
003 OSt
005 20221006144948.0
006 a|||||r|||| 00| 0
007 ta
008 221006b |||||||| |||| 00| 0 eng d
020 _c117.45
024 _a13,331
037 _cTextual
040 _aEASL
_cEASL
_beng
041 _2eng
_aeng
082 _aV4171.N76, L8
100 _aGREENE Felix
_9120824
245 0 _aPeking Felix Greene
260 _aLondon
_bJonathan Cape
_c1978
300 _a162p.
_ccm.
490 _v CEL
942 _hV4171.N76, L8
_cTEXL
_2CC
999 _c1081417
_d1081417